| 000 -LEADER |
| fixed length control field |
nam a22 a 4500 |
| 003 - CONTROL NUMBER IDENTIFIER |
| control field |
AM-YeNLA |
| 005 - DATE AND TIME OF LATEST TRANSACTION |
| control field |
20251217162004.0 |
| 007 - PHYSICAL DESCRIPTION FIXED FIELD--GENERAL INFORMATION |
| fixed length control field |
ta |
| 008 - FIXED-LENGTH DATA ELEMENTS--GENERAL INFORMATION |
| fixed length control field |
251217s2025 ai d|||fr|||||000|0|arm|| |
| 020 ## - INTERNATIONAL STANDARD BOOK NUMBER |
| International Standard Book Number |
978-9939-79-287-3 |
| 040 ## - CATALOGING SOURCE |
| Language of cataloging |
arm |
| Transcribing agency |
AM-YeNLA |
| 041 0# - LANGUAGE CODE |
| Language code of text/sound track or separate title |
arm |
| 245 00 - TITLE STATEMENT |
| Title |
Ծրագրային ապահովման նախագծում ։ |
| Remainder of title |
Լաբորատոր աշխատանքների մեթոդական ցուցումներ / |
| Statement of responsibility, etc. |
Կազմ․՝ Գ․Մ․ Տոմեյան, Ա․Մ․ Մանուկյան ; [Խմբագիր՝ Ն.Ա. Խաչատրյան] ; ՀՀ ԿԳՄՍՆ ; ՀԱՊՀ, Տեղեկատվական հեռահաղորդակցական տեխնոլոգիաների և էլեկտրոնիկայի ինստիտուտ, Տեղեկատվական անվտանգության և ծրագրային ապահովման ամբիոն. |
| 260 ## - PUBLICATION, DISTRIBUTION, ETC. (IMPRINT) |
| Place of publication, distribution, etc. |
Երևան ։ |
| Name of publisher, distributor, etc. |
Ճարտարագետ, |
| Date of publication, distribution, etc. |
2025. |
| 300 ## - PHYSICAL DESCRIPTION |
| Extent |
36 էջ ։ |
| Other physical details |
աղյուսակ ; |
| Dimensions |
20 սմ. |
| 504 ## - BIBLIOGRAPHY, ETC. NOTE |
| Bibliography, etc |
Գրականություն՝ էջ 35։ |
| 650 14 - SUBJECT ADDED ENTRY--TOPICAL TERM |
| Topical term or geographic name as entry element |
Ծրագրավորման լեզուներ |
| General subdivision |
Python |
| 650 14 - SUBJECT ADDED ENTRY--TOPICAL TERM |
| Topical term or geographic name as entry element |
Համակարգչային լեզուներ |
| Form subdivision |
Մեթոդական ձեռնարկներ |
| 650 14 - SUBJECT ADDED ENTRY--TOPICAL TERM |
| Topical term or geographic name as entry element |
Ծրագրային ապահովում |
| Form subdivision |
Մեթոդական ձեռնարկներ |
| 653 0# - INDEX TERM--UNCONTROLLED |
| Uncontrolled term |
Python օբյեկտը ծրագրման լեզու |
| 700 1# - ADDED ENTRY--PERSONAL NAME |
| Personal name |
Տոմեյան, Գոհար Մարզպետի |
| Relator term |
կազմող |
| Relator code |
com |
| 700 1# - ADDED ENTRY--PERSONAL NAME |
| Personal name |
Մանուկյան, Անի Մանուկի |
| Relator term |
կազմող |
| Relator code |
com |
| 700 1# - ADDED ENTRY--PERSONAL NAME |
| Personal name |
Խաչատրյան, Ն.Ա. |
| Relator term |
խմբագիր |
| Relator code |
edt |
| 710 2# - ADDED ENTRY--CORPORATE NAME |
| Corporate name or jurisdiction name as entry element |
Հայաստանի ազգային պոլիտեխնիկական համալսարան : |
| Subordinate unit |
Տեղեկատվական հեռահաղորդակցական տեխնոլոգիաների և էլեկտրոնիկայի ինստիտուտ : |
| -- |
Տեղեկատվական անվտանգության և ծրագրային ապահովման ամբիոն |
| 942 ## - ADDED ENTRY ELEMENTS (KOHA) |
| Source of classification or shelving scheme |
|
| Koha item type |
Books |